MDQL
is popping MORE tags! Check the
thread
!
Quizzes
Events
Quiz Creation
Community
Videos
Private Events
Remove Ads
Sign In
Join for FREE
Feedback
Dark Mode
Quiz Categories
Sports
Geography
Music
Movies
Television
Just For Fun
Miscellaneous
History
Literature
Language
Science
Gaming
Entertainment
Religion
Holiday
For Kids
Quiz Lab
Recent
Popular Today
Quiz Kudos Today
Editor Picks
Curator Picks
Quizzes by...
Day
Popularity
Type
Ratings
Length
Year
Community
Subscriptions
Recent Discussions
Orange Saloon
Badges
Playlists
Quests
Create
Leaderboards
Showdown
Live 5
Trivia Bingo
Activity
Puzzle Library
Sporcle Events
Private Events
Virtual Trivia
Globe League
Become a Host
Pub Owners
SporcleCon
Opinionation
Our Games
Videos
Blog
Mobile Apps
Partnerships
Remove Ads and Go Orange
Feedback
Sports
Athletes
MLB
NBA
NHL
NFL
Soccer
Sports Teams
WWE
NCAA
Football
Premier League
Basketball
Baseball
Hockey
Golf
Tennis
Cricket
Rugby
Auto Racing
Olympics
World Cup
Sports
Athletes
MLB
NBA
NHL
NFL
Soccer
Sports Teams
WWE
NCAA
Football
Premier League
Basketball
Baseball
Hockey
Golf
Tennis
Cricket
Rugby
Auto Racing
Olympics
World Cup
Random Quiz
Search Sporcle
×
Quiz Lab
Quiz Lab
Sports
Trivia
Click on answers out of a set of options
Click on answers out of a set of options
Multiple Choice
Best Score? Go Orange.
Wrestling Trivia Stats
Can you choose the Wrestling Trivia?
By
thekingkerwick
6m
15 Questions
88 Plays
88 Plays
88 Plays
Comments
Comments
Give Quiz Kudos
Give Quiz Kudos
-
- Ratings
hide this ad
Random Order
Randomize order of answers
Randomize order of answers
Replay
Link that replays current quiz
Next Quiz
Link to next quiz in quiz playlist
You Got
0%
They Got
Avg Score
59%
Avg Friend Score
Upgrade to see
Score Distribution
Jump to the score distribution portion of the page
Score
0/15
Timer
06:00
0
Plays Today
Question
Answer
Wrong Answers
Before there WWF title match at Armageddon 1999, what did the Big Boss man do to upset Big show ?
Attacked him at his fathers funeral and drove off with the coffin
84.1%
Killed his dog.
3.4%
Stole his championship title.
4.5%
Powerbombed his mother trough a table
4.5%
What is the meaning behind the name of Rey Mysterio's signature 619 ?
The area code of his hometown.
84.1%
How many days it took him to win his first title
2.3%
His sons birth date (June 19th)
8%
The population of his hometown.
4.5%
Who won the first ever Royal Rumble ?
Hacksaw Jim Duggan
78.4%
Hulk Hogan
8%
Randy Savage
4.5%
Big John Stud
9.1%
Who is the original 'Nature Boy' of professional wrestling ?
Buddy Rogers
78.4%
Ric Flair
9.1%
Harley Race
6.8%
Greg Valentine
3.4%
Which of these men was not a member of the original Four Horsemen ?
Dean Malenko
76.1%
Ole Anderson
12.5%
Arn Anderson
2.3%
Tully Blanchard
4.5%
Who won the 1998 Brawl for All ?
Bart Gunn
73.9%
Steve Blackman
11.4%
Bradshaw
8%
Marc Mero
4.5%
In what year did John Cena, Randy Orton & Batista Debut?
2002
65.9%
2001
10.2%
2003
11.4%
2004
8%
What was Goldbergs undefeated streak before losing to Kevin Nash at Starrcade?
174
60.2%
156
5.7%
193
20.5%
207
11.4%
What WWE Superstar's briefly used a song performed by horror director Rob Zombie as there entrance music?
Edge
53.4%
CM Punk
9.1%
Kevin Thorn
20.5%
Rob Van Dam
17%
How many world titles has Stone Cold Steve Austin won in his career ?
6
51.1%
4
15.9%
10
10.2%
7
20.5%
Which former WWE Superstar went on to star in the Adult film industry following there wrestling career ?
Gangrel
46.6%
Val Venis
33%
Viscera
3.4%
Rico
13.6%
Jake 'The Snake' Roberts has a fear of ....
Snakes
45.5%
Spiders
13.6%
Dogs
9.1%
Enclosed Spaces
27.3%
Who invented the Camel Clutch submission hold ?
Gory Guerrero
34.1%
The Iron Sheik
35.2%
Killer Kowalski
3.4%
The Sheik
27.3%
Who has won the most titles in WWE history?
Raven
29.5%
Edge
27.3%
John Cena
36.4%
Tommy Dreamer
3.4%
What was Triple H's first ring name ?
Terror Rising
23.9%
Hunter Hearst Helmsley
18.2%
Jean Paul LeVesque
14.8%
Terra Ryzing
40.9%
Quiz Playlist
Details
Report
Send in Message
Add To Playlist
Multiple Choice:
Click on answers out of a set of options
Random Order:
Randomize order of answers
Last Updated: Sep 16, 2019
Quiz Scoreboard
CHALLENGE
Sign Up to Join the Scoreboard
Show All
Scores
Hide
Comments
May contain spoilers
Recently Published
5x2 Blitz: Bands
by SL_Kpop136
Music
30s
Colored Red Africa Blitz
by spor1
Geography
30s
Find the 'City' Movie
by crazypaving
Movies
60s
More to Explore
Quiz From the Vault
Featured Blog Post
14 Easter Pick-up Lines to Find Eggs With
hide this ad
You Might Also Like...
Tags
Trivia
Wrestling
Today's Top Quizzes in Sports
Browse Sports
hide this ad
Today's Top Quizzes in Trivia
Browse Trivia
Top Contributed Quizzes in Sports
1
Players with Multiple 50 Home Run Seasons
2
Les entraîneurs de l'OM et du PSG au 21e siècle
3
Criteria MLB: Left Handed Sluggers
4
2022 World Cup Stars
5
Les meilleurs buteurs des matchs entre le PSG et l’OM
6
Who Hit More Homers?
7
Les joueurs passés par le PSG et l'OM
8
NBA Logic Puzzle 2.0
9
Top 10 NHL Goal Scorers of All Time
10
MLB Players with Two .350 Batting Average Seasons
Explore More
Trending Topics
Disney
Crossword
Harry Potter
Marvel
Kpop
NBA
Anime
The Office
Puzzle
NFL
WWE
Song
Soccer
Country
Pokémon
hide this ad
More By:
thekingkerwick
Quiz
Plays
Rating
Category
Featured
Created
WWE Trivia II
148
2.50
Sports
Sep 18, 2019
Wrestling Trivia
88
2.50
Sports
Sep 16, 2019
Go to Creator's Profile
Score Distribution
Quiz Creator Spotlight
thekingkerwick
Follow
Send a Message
Quizzes Created
-
Created Quiz Play Count
-
More By This Creator
Popular Quizzes Today
1
Find the 'City' Movie
2
Colored Red Africa Blitz
3
Find the US States - No Outlines Minefield
4
5x2 Blitz: Bands
5
The Countries of the World
6
Find the US States
7
US States
8
9x9 Crossword: Cartoon Network
More Sports Quizzes
Every WWE Championship Match: 2002-2004
Quiz Lab
Trending Quizzes
Colored Red Europe Blitz I
Colored Red Africa Blitz II
Colored Red Europe Blitz II
Colored Red Africa Blitz III
Colored Red Europe Blitz III
Recently Updated
2024 March Madness Bracket
pecheneg
Famous TV Couples
Peacemaker
Champions League XIs: Real Madrid
pecheneg
Largest US Cities 1790-2010
pecheneg
Rides in Walt Disney World
pecheneg
Most Oscar Losses (Acting)
pecheneg
Beyoncé Albums
pecheneg
Leaping Animals
pecheneg
Reality TV Shows (A-Z)
bhenderson79
Rickey Henderson's Hall of Fame Teammates
pecheneg
Trending Topics
Disney
Anime
Harry Potter
NBA
Marvel
Crossword
Kpop
Country
Pokémon
The Office
NFL
Puzzle
Soccer
WWE
Song
Your Account Isn't Verified!
In order to create a playlist on Sporcle, you need to verify the email address you used during registration. Go to your
Sporcle Settings
to finish the process.
Report this User
Report this user for behavior that violates our
Community Guidelines
.
Details:
Send Report
Go to the Sporcle.com Mobile Site →
Comments